Black Hills National Forest, 50th anniversary. (Record no. 10894)

MARC details
000 -LEADER
fixed length control field 00618cam a22002051 4500
001 - CONTROL NUMBER
control field agr48000461
003 - CONTROL NUMBER IDENTIFIER
control field DLC
005 - DATE AND TIME OF LATEST TRANSACTION
control field 20260227111009.0
008 - FIXED-LENGTH DATA ELEMENTS--GENERAL INFORMATION
fixed length control field 760115s1948 dcua 000 0 engx
010 ## - LIBRARY OF CONGRESS CONTROL NUMBER
LC control number agr48000461
035 ## - SYSTEM CONTROL NUMBER
System control number (OCoLC)1929045
040 ## - CATALOGING SOURCE
Original cataloging agency DLC
Transcribing agency DI
Modifying agency DI
-- DLC
042 ## - AUTHENTICATION CODE
Authentication code premarc
050 00 - LIBRARY OF CONGRESS CALL NUMBER
Classification number SD428.B53
Item number A5 1948
110 1# - MAIN ENTRY--CORPORATE NAME
Corporate name or jurisdiction name as entry element United States.
Subordinate unit Forest Service.
245 10 - TITLE STATEMENT
Title Black Hills National Forest, 50th anniversary.
260 ## - PUBLICATION, DISTRIBUTION, ETC.
Place of publication, distribution, etc. Washington
Name of publisher, distributor, etc. [U.S. Govt. Print. Off.]
Date of publication, distribution, etc. 1948.
300 ## - PHYSICAL DESCRIPTION
Extent iii, 43 p.
Other physical details illus., group ports.
Dimensions 24 cm.
651 #0 - SUBJECT ADDED ENTRY--GEOGRAPHIC NAME
Geographic name Black Hills National Forest (S.D. and Wyo.)

No items available.

Powered by Koha